Resumen de las tareas de la Sociedad Médica La Amiga del Estudio, en el período académico de 1864 a 1865, leído en la sesión aniversario de 18 de febrero de 1866 / (Record no. 53934)

MARC details
000 -LEADER
campo de control de longitud fija 01128nam a22002291 4500
001 - NÚMERO DE CONTROL
campo de control 53934
003 - IDENTIFICADOR DE NÚMERO DE CONTROL
campo de control ES-MaACL
005 - FECHA Y HORA DE LA ÚLTIMA TRANSACCIÓN
campo de control 20230906162845.0
007 - CAMPO FIJO DE DESCRIPCIÓN FÍSICA--INFORMACIÓN GENERAL
campo de control de longitud fija t|
008 - DATOS DE LONGITUD FIJA--INFORMACIÓN GENERAL
campo de control de longitud fija 900725s1866 sp ||||0| spa d
080 ## - NÚMERO DE LA CLASIFICACIÓN DECIMAL UNIVERSAL
Número de la Clasificación Decimal Universal 61:061.236.7(460.27 M.)
110 2# - ENTRADA PRINCIPAL--NOMBRE DE ENTIDAD CORPORATIVA
Nombre de entidad corporativa o nombre de jurisdicción como elemento de entrada Sociedad Médica La Amiga del Estudio.
9 (RLIN) 134900
245 10 - MENCIÓN DEL TÍTULO
Título Resumen de las tareas de la Sociedad Médica La Amiga del Estudio, en el período académico de 1864 a 1865, leído en la sesión aniversario de 18 de febrero de 1866 /
Mención de responsabilidad, etc. por el secretario de actas D. C. Emilio Gómez Manso.
260 ## - PUBLICACIÓN, DISTRIBUCIÓN, ETC.
Lugar de publicación, distribución, etc. Madrid :
Nombre del editor, distribuidor, etc. [s.n.],
Fecha de publicación, distribución, etc. 1866 (
Fabricante Imp. de Cristóbal González)
300 ## - DESCRIPCIÓN FÍSICA
Extensión 39, XXIV p. ;
Dimensiones 26 cm.
505 8# - NOTA DE CONTENIDO CON FORMATO
Nota de contenido con formato Contiene: Discurso leído en la apertura de la Sociedad Médica La Amiga del Estudio / por el socio de número M. Fernández y Rodríguez . Apéndices al discurso Sobre los sistemas y el método / por M. Fernández y Rodríguez
610 24 - PUNTO DE ACCESO ADICIONAL DE MATERIA--NOMBRE DE ENTIDAD CORPORATIVA
Nombre de entidad corporativa o nombre de jurisdicción como elemento de entrada Sociedad Médica La Amiga del Estudio.
9 (RLIN) 134900
700 1# - ENTRADA AGREGADA--NOMBRE PERSONAL
Nombre de persona Gómez Manso, Emilio.
9 (RLIN) 58027
700 1# - ENTRADA AGREGADA--NOMBRE PERSONAL
Nombre de persona Fernández y Rodríguez, Mariano.
9 (RLIN) 50191
852 4# - LOCALIZACIÓN
Ubicación ES-MaACL
Número de control de estantería T-75-F-5
852 4# - LOCALIZACIÓN
Ubicación ES-MaACL
Número de control de estantería T-76-F-9
Holdings
Estatus retirado Estado de pérdida Estado de daño No para préstamo Colección Biblioteca de origen Biblioteca actual Ubicación en estantería Fecha de adquisición Fuente de adquisición Total de préstamos Signatura topográfica completa Código de barras Visto por última vez Precio de reemplazo Tipo de ítem Koha
        Colección de folletos Biblioteca del Ateneo de Madrid Biblioteca del Ateneo de Madrid Depósito folletos 30/12/2022     T-75-F-5 1205074 23/02/2023 23/02/2023 Folleto
        Colección de folletos Biblioteca del Ateneo de Madrid Biblioteca del Ateneo de Madrid Depósito folletos 17/01/2008     T-76-F-9 1056682 23/02/2023 23/02/2023 Folleto